Eric Prydz Charting Songs (Billboard Hot Dance) - Statistics

General Stats
  • This quiz has been taken 12 times
  • The average score is 2 of 5
Answer Stats
Album Weeks On Peak Artist(s) Song % Correct
Non-Album Single 2 Weeks #31 Eric Prydz vs. CHVRCHES Tether
67%
Opus 3 Weeks #23 Eric Prydz Every Day
33%
Opus 9 Weeks #33 Eric Prydz Generate
33%
Non-Album Single 1 Week #37 Eric Prydz NOPUS
33%
Opus 7 Weeks #37 Eric Prydz Liberate
0%
No matching quizzes found
Score Distribution
Percent of People with Each Score
Percentile by Number Answered
Your Score History
You have not taken this quiz